Caricamento...
Teaching and learning through information and communication Technology
| Autore principale: | |
|---|---|
| Natura: | Printed Book |
| Pubblicazione: |
New Delhi
Sarup book publishers
2011
|
| LEADER | 00517nam a2200157 4500 | ||
|---|---|---|---|
| 020 | |a 9.78817625693e+12 |c Rs | ||
| 082 | |a 371.33 SUN/TEA | ||
| 100 | |a Sundar I | ||
| 245 | |a Teaching and learning through information and communication Technology |c Sundar I | ||
| 250 | |||
| 260 | |a New Delhi |b Sarup book publishers |c 2011 | ||
| 500 | |||
| 700 | |||
| 942 | |c BK | ||
| 999 | |c 209976 |d 209976 | ||
| 952 | |0 0 |1 0 |4 0 |6 371_330000000000000_SUN_TEA |7 0 |9 223323 |a DLS |b DLS |d 2019-11-05 |g 0.00 |l 0 |o 371.33 SUN/TEA |p DLS4064 |r 2019-11-05 |w 2019-11-05 |y BK | ||